000 00426nam a2200181Ia 4500
003 OSt
005 20220715095536.0
008 210210b1940 xxu||||| |||| 00| 0 eng d
040 _cAL
041 _aeng
082 _a513/144
100 _aRAMSEY (A S)
_949727
245 _aElementary calculus
260 _aLondon
_bCambridge University Press
_c1940
690 _aCalculus
_949728
906 _a007424
942 _2ddc
_cBK
999 _c139915
_d139915